00221nam a2200085Ia 4500082001700000100002600017245005200043260003000095300001000125 aRR 016.5 HIN aChadda, ,Yoga Raj ed. 0aHindi vaigyanik aur takaniki prakashan nidasika aNew DelhibC.S.I.R.c1983 a336p.